Kpop Idols Born in 98 (My year of birth aha ♡) Quiz Stats

 Plays Quiz not verified by Sporcle

Score 0/20 Timer 08:00
0 Plays Today
% Correct
Dahyun
93.5%
Umji
79.5%
Vernon
78.2%
Seungkwan
75.1%
Moonbin
74.7%
SinB
70.6%
Kino
67.9%
Chanwoo
62.8%
Wooseok
55.3%
Cheng Xiao
54.9%
% Correct
Yuto
53.6%
Xiao
50.9%
Hwanhee
45.4%
Yein
40.3%
Ungjae
36.2%
TAG
23.9%
Seungmin
19.8%
Jinhong
19.5%
Hongseob
19.5%
Hyunkyung
15.7%

You're not logged in!

Compare scores with friends on all Sporcle quizzes.
OR
Log In

Sporcle TV

Today on Sporcle TV


Watch our educational content, quiz creation guides, and fun videos on Sporcle TV.

Show Comments

Extras

Created Aug 28, 2017ReportNominate
Tags:Kpop Quiz, 1998, birth, born, idol

Top Quizzes Today


Score Distribution

Your Account Isn't Verified!

In order to create a playlist on Sporcle, you need to verify the email address you used during registration. Go to your Sporcle Settings to finish the process.

Report this User

Report this user for behavior that violates our Community Guidelines.

Details: